Coaches of the St Kilda Saints - Statistics

General Stats
  • This quiz has been taken 17 times
    4 since last reset
  • The average score is 10 of 47
Answer Stats
Years Coach % Correct
2014-2019 Alan Richardson
100%
2019-2022 Brett Ratten
100%
2007-2011 Ross Lyon
100%
2023- Ross Lyon
100%
2001 Malcolm Blight
75%
1961-1976 Allan Jeans
50%
1934 Colin Watson
50%
1987-1989 Darrel Baldock
50%
2001-2006 Grant Thomas
50%
1944-1945 Hughie Thomas
50%
1994-1998 Stan Alves
50%
1999-2000 Tim Watson
50%
1980-1982 Alex Jesulenko
25%
1987 Allan Davis
25%
1909-1918 Jimmy Smith
25%
1977 Ross Smith
25%
2012-2013 Scott Waters
25%
1919-1924 Wels Eicke
25%
1956-1958 Alan Killigrew
0%
1906 Alec Hall
0%
1946-1947 Allan Hird
0%
1938-1940 Ansell Clarke
0%
1930 Bill Cubbins
0%
1928 Bill Patterson
0%
1931-1932 Charlie Hardy
0%
1920-1921 Charlie Ricketts
0%
1933 Col Deane
0%
1952-1953 Col Williamson
0%
1935-1937 Dan Minouge
0%
1914-1923 Dave McNamara
0%
1911 Eddie Drohan
0%
1972-1974 Eric Guy
0%
1948-1950 Fred Froude
0%
1951 Fred Green
0%
1927 George Heinz
0%
1913-1929 George Sparrow
0%
1984-1986 Graeme Gellie
0%
1941 Jack Knight
0%
1959-1960 Jim Francis
0%
1990-1993 Ken Sheldon
0%
1954-1955 Les Foote
0%
1978-1980 Michael Patterson
0%
1908 Mick Grace
0%
1925-1926 Norman Clark
0%
1942-1943 Reg Garvin
0%
1932 Stuart King
0%
1983-1984 Tony Jewell
0%
No matching quizzes found
Score Distribution
Percent of People with Each Score
Percentile by Number Answered
Your Score History
You have not taken this quiz since the last reset